Development and performance evaluation of modified banana chipper (Record no. 15074)
[ view plain ]
| 000 -LEADER | |
|---|---|
| fixed length control field | 00903nam a22001817a 4500 |
| 003 - CONTROL NUMBER IDENTIFIER | |
| control field | OSt |
| 088 ## - REPORT NUMBER | |
| Report number | P 71 |
| 100 ## - MAIN ENTRY--AUTHOR NAME | |
| Personal name | LIJU K |
| 245 ## - TITLE STATEMENT | |
| Title | Development and performance evaluation of modified banana chipper |
| 260 ## - PUBLICATION, DISTRIBUTION, ETC. (IMPRINT) | |
| Place of publication | Tavanur 1997 |
| Name of publisher | Department of Post-Harvest Technology and Agricultural Processing |
| 300 ## - PHYSICAL DESCRIPTION | |
| Number of Pages | 55 |
| 500 ## - GENERAL NOTE | |
| General note | Development and performance evaluation of modified banana chipper |
| 520 ## - SUMMARY, ETC. | |
| Summary, etc | conventional method. in order to eliminate the drudgery involved in chip making and avoid injury to workers, enhance the capacity and to maintain hygiene, an attempt was undertaken at KCAET with the following objectives, to develop a mechanical banana chipper, to evaluate the performance of the machine etc. |
| 700 ## - ADDED ENTRY--PERSONAL NAME | |
| Personal name | Er. Prince M. V (Guide) |
| 856 ## - ELECTRONIC LOCATION AND ACCESS | |
| Uniform Resource Identifier | https://drive.google.com/open?id=1BRo_zmoplEMsP75b3LAfvMhwqgQP5RaW |
| 942 ## - ADDED ENTRY ELEMENTS (KOHA) | |
| Koha item type | Project Report |
| Collection code | Home library | Current library | Shelving location | Full call number | Accession Number | Koha item type |
|---|---|---|---|---|---|---|
| Reference | KAUAET | KAUAET | Reference | 631.56 LIJ/DE | P 71 | Project Report |
